[Event "Oberliga Wuerttemberg 1516"]
[Site "Wuerttemberg"]
[Date "2016.03.13"]
[Round "8.2"]
[White "Schuh, Karsten"]
[Black "Hirneise, Tobias"]
[Result "0-1"]
[WhiteElo "2201"]
[BlackElo "2430"]
[PlyCount "70"]
[EventDate "2015.09.20"]
[EventType "team-tourn"]
[EventRounds "9"]
[EventCountry "GER"]
[SourceTitle "EXT 2019"]
[Source "ChessBase"]
[SourceDate "2018.10.10"]
[SourceVersion "1"]
[SourceVersionDate "2018.10.10"]
[SourceQuality "1"]
[WhiteTeam "Boeblingen"]
[BlackTeam "Deizisau"]
[WhiteTeamCountry "GER"]
[BlackTeamCountry "GER"]

1. c4 c5 2. g3 g6 3. Bg2 Bg7 4. Nc3 Nc6 5. Nf3 d6 6. 0-0 Bf5 7. e4 Bg4 8. h3 Bxf3 9. Qxf3 Nf6 10. a3 0-0 11. Rb1 Rb8 12. b4 Nd7 13. Ne2 cxb4 14. axb4 b5 15. cxb5 Rxb5 16. Ba3 Nd4 17. Nxd4 Bxd4 18. Rfc1 Qb6 19. Bf1 Re5 20. Kg2 d5 21. Bd3 Re6 22. Rf1 Ne5 23. Qe2 Nxd3 24. Qxd3 dxe4 25. Qc4 Rd8 26. b5 Qb7 27. Kg1 Bb6 28. Bb2 Rd3 29. Kh2 Qd7 30. Bc3 Rf3 31. Rbe1 Qb7 32. Re2 h5 33. h4 Rf5 34. f4 Rd5 35. Rfe1 f5 0-1

[Event "Oberliga Wuerttemberg 1516"]
[Site "Wuerttemberg"]
[Date "2015.10.11"]
[Round "2.1"]
[White "Schuh, Karsten"]
[Black "Kabisch, Thilo"]
[Result "1-0"]
[WhiteElo "2201"]
[BlackElo "2255"]
[PlyCount "117"]
[EventDate "2015.09.20"]
[EventType "team-tourn"]
[EventRounds "9"]
[EventCountry "GER"]
[SourceTitle "EXT 2019"]
[Source "ChessBase"]
[SourceDate "2018.10.10"]
[SourceVersion "1"]
[SourceVersionDate "2018.10.10"]
[SourceQuality "1"]
[WhiteTeam "Boeblingen"]
[BlackTeam "Schmiden Cannstatt"]
[WhiteTeamCountry "GER"]
[BlackTeamCountry "GER"]

1. c4 Nf6 2. Nc3 g6 3. Nf3 Bg7 4. d4 0-0 5. Bf4 Nh5 6. Be3 d6 7. g3 Na6 8. Bg2 e5 9. 0-0 f5 10. dxe5 dxe5 11. Qxd8 Rxd8 12. Rad1 Re8 13. b3 c6 14. Bc1 h6 15. Ba3 Be6 16. e4 f4 17. Rd3 g5 18. Rfd1 Rac8 19. Bd6 Rcd8 20. Bxe5 Rxd3 21. Rxd3 g4 22. Bxg7 Nb4 23. Rd6 gxf3 24. Bxh6 fxg2 25. Kxg2 Kf7 26. gxf4 Rg8+ 27. Kf3 Bg4+ 28. Ke3 Ke7 29. Rd2 Nf6 30. Bg5 Kf7 31. h4 Na6 32. f5 Re8 33. Kf4 Bh3 34. e5 Nh5+ 35. Ke4 Nc5+ 36. Kd4 b6 37. e6+ Kg7 38. b4 Nxe6+ 39. fxe6 Rxe6 40. Ne4 Kg6 41. c5 Bg2 42. Nd6 Ng7 43. f4 Bd5 44. a3 Re1 45. Rd3 Rc1 46. f5+ Nxf5+ 47. Nxf5 Rc4+ 48. Ke5 Re4+ 49. Kd6 Re6+ 50. Kd7 Kxf5 51. Rxd5+ cxd5 52. c6 Ke5 53. Bf4+ Kf6 54. c7 Re7+ 55. Kc6 Re8 56. Bg5+ Ke6 57. Bd8 d4 58. c8Q+ Ke5 59. Bc7+ 1-0

[Event "BL2-Sued 1314"]
[Site "Germany"]
[Date "2014.03.16"]
[Round "8.6"]
[White "Bewersdorff, Oliver"]
[Black "Schuh, Karsten"]
[Result "1-0"]
[WhiteElo "2296"]
[BlackElo "2227"]
[PlyCount "71"]
[EventDate "2013.10.13"]
[EventType "team-tourn"]
[EventRounds "9"]
[EventCountry "GER"]
[SourceTitle "EXT 2015"]
[Source "ChessBase"]
[SourceDate "2014.11.20"]
[SourceVersion "1"]
[SourceVersionDate "2014.11.20"]
[SourceQuality "1"]
[WhiteTeam "Schott Mainz"]
[BlackTeam "Boeblingen"]
[WhiteTeamCountry "GER"]
[BlackTeamCountry "GER"]

1. Nf3 f5 2. g3 Nf6 3. Bg2 g6 4. 0-0 Bg7 5. d4 0-0 6. b3 d6 7. Bb2 c6 8. c4 Na6 9. Nbd2 Rb8 10. a3 Bd7 11. b4 Nc7 12. Ne1 Ne6 13. e3 a5 14. Nd3 Kh8 15. Qc2 Ng5 16. bxa5 Qxa5 17. a4 Qc7 18. f3 Nf7 19. c5 Nd5 20. Rfe1 dxc5 21. dxc5 e5 22. e4 fxe4 23. fxe4 Ne7 24. Nc4 Rbe8 25. Bc3 Be6 26. Ba5 Qd7 27. Nb6 Qd4+ 28. Nf2 Qd8 29. Rad1 Qb8 30. Nd7 Bxd7 31. Rxd7 Ng5 32. Rb1 Qa8 33. Be1 Ne6 34. Rbxb7 Nd4 35. Qc4 Bf6 36. Ng4 1-0

[Event "BL2-Sued 1314"]
[Site "Germany"]
[Date "2013.10.13"]
[Round "1.6"]
[White "Zude, Erik"]
[Black "Schuh, Karsten"]
[Result "1/2-1/2"]
[WhiteElo "2362"]
[BlackElo "2238"]
[PlyCount "54"]
[EventDate "2013.10.13"]
[EventType "team-tourn"]
[EventRounds "9"]
[EventCountry "GER"]
[SourceTitle "EXT 2015"]
[Source "ChessBase"]
[SourceDate "2014.11.20"]
[SourceVersion "1"]
[SourceVersionDate "2014.11.20"]
[SourceQuality "1"]
[WhiteTeam "Hofheim"]
[BlackTeam "Boeblingen"]
[WhiteTeamCountry "GER"]
[BlackTeamCountry "GER"]

1. d4 f5 2. g3 Nf6 3. Bg2 g6 4. Nf3 Bg7 5. 0-0 0-0 6. b3 d6 7. Bb2 Qe8 8. Na3 e6 9. c4 c6 10. c5 d5 11. b4 Ne4 12. Nc2 b6 13. Nce1 Nd7 14. Nd3 a5 15. a3 Ba6 16. Qc2 axb4 17. axb4 Bb5 18. Nfe5 Nxe5 19. Nxe5 bxc5 20. dxc5 Qe7 21. Bd4 Nf6 22. Qb2 Nd7 23. Rfb1 Nxe5 24. Bxe5 Bxe5 25. Qxe5 Kf7 26. f4 Qf6 27. Bf3 Qxe5 1/2-1/2